LEADER 03211nam 22006732 450 001 9910789315903321 005 20151005020623.0 010 $a1-107-23262-7 010 $a1-107-34482-4 010 $a1-107-34357-7 010 $a0-511-67572-0 010 $a1-107-34732-7 010 $a1-107-34857-9 010 $a1-107-34107-8 035 $a(CKB)3460000000128977 035 $a(SSID)ssj0000871625 035 $a(PQKBManifestationID)11496110 035 $a(PQKBTitleCode)TC0000871625 035 $a(PQKBWorkID)10824156 035 $a(PQKB)11331480 035 $a(UkCbUP)CR9780511675720 035 $a(Au-PeEL)EBL1139630 035 $a(CaPaEBR)ebr10695280 035 $a(CaONFJC)MIL494719 035 $a(OCoLC)842882913 035 $a(MiAaPQ)EBC1139630 035 $a(PPN)261334018 035 $a(EXLCZ)993460000000128977 100 $a20100201d2013|||| uy| 0 101 0 $aeng 135 $aur||||||||||| 181 $ctxt$2rdacontent 182 $cc$2rdamedia 183 $acr$2rdacarrier 200 10$aHigh-pT physics in the heavy ion era /$fJan Rak, University of Jyva?skyla?, Finland, Michael J. Tannenbaum, Brookhaven National Laboratory, New York$b[electronic resource] 210 1$aCambridge :$cCambridge University Press,$d2013. 215 $a1 online resource (x, 387 pages) $cdigital, PDF file(s) 225 1 $aCambridge monographs on particle physics, nuclear physics, and cosmology ;$v34 300 $aTitle from publisher's bibliographic system (viewed on 05 Oct 2015). 311 $a0-521-19029-0 311 $a1-107-35694-6 320 $aIncludes bibliographical references and index. 330 $aAimed at graduate students and researchers in the field of high-energy nuclear physics, this book provides an overview of the basic concepts of large transverse momentum particle physics, with a focus on pQCD phenomena. It examines high-pT probes of relativistic heavy-ion collisions and will serve as a handbook for those working on RHIC and LHC data analyses. Starting with an introduction and review of the field, the authors look at basic observables and experimental techniques, concentrating on relativistic particle kinematics, before moving onto a discussion about the origins of high-pT physics. The main features of high-pT physics are placed within a historical context and the authors adopt an experimental outlook, highlighting the most important discoveries leading up to the foundation of modern QCD theory. Advanced methods are described in detail, making this book especially useful for newcomers to the field. 410 0$aCambridge monographs on particle physics, nuclear physics, and cosmology ;$v34. 606 $aHeavy ion collisions 606 $aQuantum chromodynamics 606 $aParticles (Nuclear physics) 615 0$aHeavy ion collisions. 615 0$aQuantum chromodynamics. 615 0$aParticles (Nuclear physics) 676 $a539.7/3 700 $aRak$b Jan$f1962-$01513300 702 $aTannenbaum$b Michael J. 801 0$bUkCbUP 801 1$bUkCbUP 906 $aBOOK 912 $a9910789315903321 996 $aHigh-pT physics in the heavy ion era$93747664 997 $aUNINA LEADER 04865nam 22009495 450 001 9910966352903321 005 20251116185522.0 010 $a1-4875-3265-2 010 $a1-4875-3264-4 024 7 $a10.3138/9781487532642 035 $a(CKB)4100000010859100 035 $a(MiAaPQ)EBC6154660 035 $a(DE-B1597)551075 035 $a(DE-B1597)9781487532642 035 $a(OCoLC)1128819513 035 $a(MdBmJHUP)musev2_108222 035 $a(EXLCZ)994100000010859100 100 $a20200526h20202020 fg 101 0 $aeng 135 $aurcnu|||||||| 181 $ctxt$2rdacontent 182 $cc$2rdamedia 183 $acr$2rdacarrier 200 00$aWalking through Elysium $eVergil?s Underworld and the Poetics of Tradition /$fBill Gladhill, Micah Young Myers 210 1$aToronto : $cUniversity of Toronto Press, $d[2020] 210 4$dİ2020 215 $a1 online resource (vi, 302 pages) 225 0 $aPhoenix Supplementary Volumes 311 08$a1-4875-0577-9 327 $tIntroduction /$rBill Gladhill and Micah Young Myers --$tInto the Woods (Via Cuma 320, Bacoli) /$rAlessandro Barchiesi --$tWalk in Vergil's Footsteps: Statius on the Via Domitiana /$rEmily Pillinger --$tIn the Sibyl's Cave: Vergilian Prophecy and Mary Shelley's Last Man /$rMaggie Kilgour --$tExploring the Forests of Antiquity: The Golden Bough and Early Modern Spirituality /$rMatteo Soranzo --$tAeneas' Steps /$rMiguel Herrero de Ja?uregui --$tVergil's Underworld and the Afterlife of Lovers and Love Poets /$rMicah Young Myers --$tVergilian Underworlds in Ovid /$rAlison Keith --$tMortem aliquid ultra est: Vergil's Underworld in Senecan Tragedy /$rBill Gladhill --$tServius on Sinners and Punishments in Vergil's Underworld /$rFabio Stok --10. Paradise and Performance in Vergil's Underworld and Horace's Carmen Saeculare /$rLauren Curtis --$tWhy Isn't Homer in Vergil's Underworld? And Other Notable Absences /$rEmily Gowers --$tSilence of Aeneid 6 in Augustine's Confessions /$rJacob L. Mackey --$tSpiritualism as Textual Practice /$rGrant Parker. 330 $a"Walking through Elysium stresses the subtle and intricate ways writers across time and space wove Vergil's underworld in Aeneid 6 into their works. These allusions operate on many levels, from the literary and political to the religious and spiritual. Aeneid 6 reshaped prior philosophical, religious, and poetic traditions of underworld descents, while offering a universalizing account of the spiritual that could accommodate prior as well as emerging religious and philosophical systems. Vergil's underworld became an archetype, a model flexible enough to be employed across genres, and periods, and among differing cultural and religious contexts. The essays in this volume speak to Vergil's incorporation of and influence on literary representations of underworlds, souls, afterlives, prophecies, journeys, and spaces, from sacred and profane to wild and civilized, tracing the impact of Vergil's underworld on authors such as Ovid, Seneca, Statius, Augustine, and Shelley, from Pagan and Christian traditions through Romantic and Spiritualist readings. Walking through Elysium asserts the deep and lasting influence of Vergil's underworld from the moment of its publication to the present day."--$cProvided by publisher. 606 $aVoyages to the otherworld in literature 606 $aAeneid 606 $aAugustine 606 $aChristian 606 $aOvid 606 $aPagan 606 $aRomantic 606 $aRome 606 $aSeneca 606 $aShelley 606 $aStatius 606 $aVergil 606 $aVirgil 606 $aclassical literature 606 $adeath 606 $aliterary reception 606 $apoetry 606 $aspirituality 606 $atradition 606 $aunderworld 606 $aLITERARY CRITICISM / Ancient & Classical$2bisacsh 615 0$aVoyages to the otherworld in literature. 615 4$aAeneid. 615 4$aAugustine. 615 4$aChristian. 615 4$aOvid. 615 4$aPagan. 615 4$aRomantic. 615 4$aRome. 615 4$aSeneca. 615 4$aShelley. 615 4$aStatius. 615 4$aVergil. 615 4$aVirgil. 615 4$aclassical literature. 615 4$adeath. 615 4$aliterary reception. 615 4$apoetry. 615 4$aspirituality. 615 4$atradition. 615 4$aunderworld. 615 7$aLITERARY CRITICISM / Ancient & Classical. 676 $a873/.01 702 $aGladhill$b Bill$4edt$4http://id.loc.gov/vocabulary/relators/edt 702 $aMyers$b Micah Young, $4edt$4http://id.loc.gov/vocabulary/relators/edt 801 0$bDE-B1597 801 1$bDE-B1597 906 $aBOOK 912 $a9910966352903321 996 $aWalking through Elysium$94496073 997 $aUNINA